000 00271nam a2200097Ia 4500
008 240331s9999 xx 000 0 und d
082 _bVAR
100 _aThiruchandran, S. ed
245 0 _aVarkkam, sathi, pennilai anpadu periyarin sinthanaikal pattiya oru noakku
942 _cL
999 _c1969
_d1969